Κinetic formulation of conservation laws

Αποθηκεύτηκε σε:
Λεπτομέρειες βιβλιογραφικής εγγραφής
Κύριος συγγραφέας: Perthame, B.
Μορφή: Βιβλίο
Γλώσσα:English
Δημοσίευση: New York : Oxford University Press, 2002
Σειρά:Oxford lecture series in mathematics and its applications ; ; 21
Θέματα:
Ετικέτες: Προσθήκη ετικέτας
Δεν υπάρχουν, Καταχωρήστε ετικέτα πρώτοι!

MARC

LEADER 00000nam a2200000 i 4500
001 1/53165
008 070830s2002 eng d
020 |a 0-19-850913-8 
035 |l 10090212 
040 |a GR-MY-UA  |b gre  |e aacr 
041 0 |a eng 
082 0 |a 533.7  |2 (22) 
100 1 |a Perthame, B. 
245 1 0 |a Κinetic formulation of conservation laws /  |c Benoit Perthame 
260 |a New York :   |b Oxford University Press,   |c 2002 
300 |a xi, 198 σ.;  |b εικ.;  |c 24 εκ. 
490 1 |a Oxford lecture series in mathematics and its applicacations  |v ; 21 
504 |a Περιλαμβάνει βιβλιογραφικές παραπομπές (σ. [183]-196]) και ευρετήριο. 
650 0 0 |a Conservation laws (Mathematics) 
650 0 0 |a Kinetic theory of gases. 
830 0 |a Oxford lecture series in mathematics and its applications ;  |v ; 21 
852 |a INST  |b SAMOS  |e 20070830  |h 533.7 PER  |p 005300028391  |q 005300028391  |t BK  |y 0 
901 |a BIBL3-2007-2 
909 |a Σ  |b 136754 
922 |a 3ΕΛΗ  |b 200707  |c ΕΠΕΑΕΚ2/ΤΜΗΜΑ ΜΑΘΗΜΑΤΙΚΩΝ  |d ΕΛΕΥΘΕΡΟΥΔΑΚΗΣ 
970 |a ΣΙΤΖΙΜΗ  |b ΓΙΑΣΕΜΗ  |z 2007/08/30